[Event "Tournoi Skype 023A"]
[Site "Skype"]
[Date "????.??.??"]
[Round "5.30"]
[White "L'Herbon De Lussats, Jean"]
[Black "Fouquereau, Andre"]
[Result "0-1"]
[WhiteElo "1614"]
[BlackElo "1488"]
[PlyCount "84"]

1. d4 d5 2. Bf4 Nf6 3. e3 Bf5 4. Bd3 Bxd3 5. Qxd3 Nbd7 6. Nf3 e6 7. Nc3 c6 8.
a3 Be7 9. b4 Nb6 10. b5 Nc4 11. a4 Qa5 12. O-O Bb4 13. Na2 Ba3 14. Qb3 O-O 15.
bxc6 bxc6 16. Rab1 Bd6 17. Be5 Rab8 18. Nb4 Rxb4 19. Qd3 Rxb1 20. Rxb1 Bxe5 21.
Nxe5 Qxa4 22. c3 Ne4 23. f3 Ned6 24. Rb4 Qa2 25. Nxc6 a5 26. Rb1 Nxe3 27. Qxe3
Qxb1+ 28. Kf2 a4 29. Ne7+ Kh8 30. Qe2 a3 31. Qa6 Qb2+ 32. Kg3 Nb7 33. Qd3 a2
34. Nc6 a1=Q 35. Ne5 Qxc3 36. Qb5 Qxd4 37. Ng4 Qe1+ 38. Kh3 h5 39. Qxb7 hxg4+
40. fxg4 Qde3+ 41. g3 Qf1+ 42. Kh4 Qh6# 0-1

[Event "Tournoi Skype 023A"]
[Site "Skype"]
[Date "????.??.??"]
[Round "5.31"]
[White "Martin, Jean-Claude"]
[Black "Kruk, Clementine"]
[Result "0-1"]
[WhiteElo "1523"]
[BlackElo "1594"]
[PlyCount "64"]

1. d4 d5 2. c4 e6 3. Nc3 Nf6 4. Bg5 Nbd7 5. e3 c6 6. Nf3 Qa5 7. Bxf6 Nxf6 8.
cxd5 Nxd5 9. Qc2 Bb4 10. a3 O-O 11. O-O-O Nxc3 12. bxc3 Qxa3+ 13. Qb2 Qxc3+ 14.
Qxc3 Bxc3 15. Rd3 Bb4 16. Rb3 a5 17. Bd3 b6 18. Ng5 g6 19. Ne4 Bb7 20. f3 Rfc8
21. Kb2 c5 22. dxc5 bxc5 23. Nf6+ Kg7 24. Nd7 c4 25. Bxc4 Rxc4 26. Nb6 Bc3+ 27.
Rxc3 Rb4+ 28. Rb3 Ra6 29. Rxb4 axb4 30. Nc4 Bd5 31. Nd2 Ra2+ 32. Kb1 Rxd2 0-1

[Event "Tournoi Skype 023A"]
[Site "Skype"]
[Date "????.??.??"]
[Round "5.32"]
[White "Chavero, Victor"]
[Black "Le Brun, Yves"]
[Result "1-0"]
[WhiteElo "1565"]
[BlackElo "1488"]
[PlyCount "97"]

1. d4 d5 2. Nf3 Nf6 3. e3 c5 4. b3 cxd4 5. exd4 Bf5 6. Bb2 Qa5+ 7. Nbd2 Ne4 8.
Bd3 e6 9. O-O Nxd2 10. Qxd2 Qxd2 11. Nxd2 Bxd3 12. cxd3 Bb4 13. Nf3 Nc6 14. a3
Be7 15. Rac1 O-O 16. Ne5 Rac8 17. f4 f6 18. Nxc6 bxc6 19. Rfe1 Kf7 20. b4 a6
21. Kf2 Bd6 22. g3 Rc7 23. Rc2 Ke7 24. Rce2 e5 25. dxe5 fxe5 26. Bxe5 Bxe5 27.
Rxe5+ Kd8 28. d4 Rcf7 29. Rc1 Kd7 30. Rc5 g6 31. Ra5 Ra8 32. a4 Kd6 33. b5 cxb5
34. axb5 Rb7 35. bxa6 Rba7 36. Raxd5+ Kc6 37. Rc5+ Kd6 38. Ra5 Rxa6 39. Rxa6+
Rxa6 40. Kf3 Ra2 41. h4 h5 42. f5 Ra3+ 43. Kf4 Rd3 44. fxg6 Rxd4+ 45. Kf5 Rg4
46. Re3 Rc4 47. g7 Rc5+ 48. Kf6 Rc6 49. Re6+ 1-0

[Event "Tournoi Skype 023A"]
[Site "Skype"]
[Date "????.??.??"]
[Round "5.33"]
[White "Gharbi, Said"]
[Black "Carballo, Jorge"]
[Result "1-0"]
[WhiteElo "1541"]
[BlackElo "1508"]
[PlyCount "43"]

1. e4 e5 2. Nf3 Nc6 3. Bc4 Be7 4. O-O Nf6 5. d4 exd4 6. Nxd4 d6 7. Nc3 O-O 8.
Re1 Bd7 9. e5 Nxe5 10. Nd5 Nxd5 11. Bxd5 c6 12. Be4 Bf6 13. Bf4 d5 14. Bxe5
dxe4 15. Rxe4 Bf5 16. Nxf5 Qxd1+ 17. Rxd1 Rfe8 18. f4 Re6 19. Rde1 Rd8 20. Bxf6
Rxe4 21. Rxe4 Rd1+ 22. Kf2 1-0

[Event "Tournoi Skype 023A"]
[Site "Skype"]
[Date "????.??.??"]
[Round "6.1"]
[White "Siret, Bernard"]
[Black "Ibarra Cantu, Raul Alberto"]
[Result "1-0"]
[WhiteElo "2045"]
[BlackElo "1892"]
[PlyCount "101"]

1. e4 c5 2. Nf3 e6 3. d4 cxd4 4. Nxd4 Nc6 5. Nc3 Nf6 6. f3 Bb4 7. g4 Nxe4 8.
fxe4 Qh4+ 9. Ke2 Qxg4+ 10. Nf3 Ne5 11. Kf2 Bxc3 12. bxc3 Qxe4 13. Bd3 Qxf3+ 14.
Qxf3 Nxf3 15. Kxf3 b6 16. Rg1 g6 17. Bg5 f5 18. Rad1 Bb7+ 19. Kf4 Rc8 20. Bf6
Rf8 21. Be5 Bd5 22. h4 Ke7 23. Bb5 d6 24. Rxd5 dxe5+ 25. Rxe5 Rxc3 26. Rge1 Rf6
27. R5e2 h6 28. a4 Kf7 29. Rd1 g5+ 30. hxg5 hxg5+ 31. Kxg5 Rg6+ 32. Kf4 Kf6 33.
Rd3 Rg4+ 34. Ke3 Re4+ 35. Kf3 Rxe2 36. Rxc3 Rd2 37. Rc7 Rd6 38. Rxa7 Ke5 39.
Rc7 Kd4 40. Kf4 e5+ 41. Kxf5 e4 42. Rd7 Rxd7 43. Bxd7 e3 44. Bb5 Kc3 45. Ke4
Kd2 46. Bd3 e2 47. Bxe2 Kxc2 48. Kd5 Kb3 49. Bb5 Kb4 50. Kc6 Ka5 51. Kb7 1-0

[Event "Tournoi Skype 023A"]
[Site "Skype"]
[Date "????.??.??"]
[Round "6.2"]
[White "Benson, Paul"]
[Black "Dal, Ibrahim"]
[Result "1-0"]
[WhiteElo "2021"]
[BlackElo "1809"]
[PlyCount "75"]

1. d4 c6 2. Nf3 d5 3. e3 Bf5 4. Nbd2 e6 5. Be2 Nd7 6. O-O Ngf6 7. b3 Qa5 8. Bb2
Be7 9. c4 O-O 10. Nh4 Be4 11. f3 Bb4 12. Nxe4 dxe4 13. g3 Bd2 14. Ng2 Bc3 15.
Qc2 Bxb2 16. Qxb2 exf3 17. Bxf3 e5 18. Nh4 Rfe8 19. Qc2 exd4 20. exd4 Qg5 21.
Rae1 Ng4 22. Qf5 Qd2 23. Rxe8+ Rxe8 24. Qxg4 Nf6 25. Qf4 Qxa2 26. d5 Qxb3 27.
dxc6 bxc6 28. Nf5 Qb6+ 29. Kh1 g6 30. Nh6+ Kg7 31. g4 Qe3 32. Qxe3 Rxe3 33. g5
Re6 34. Ra1 Ne4 35. h4 Nd2 36. Rxa7 Nxc4 37. Rxf7+ Kh8 38. Rf8+ 1-0

[Event "Tournoi Skype 023A"]
[Site "Skype"]
[Date "????.??.??"]
[Round "6.3"]
[White "Grosso, Raul"]
[Black "Silva, Rodrigo De Souza"]
[Result "0-1"]
[WhiteElo "1700"]
[BlackElo "1897"]
[PlyCount "66"]

1. d4 Nf6 2. c4 g6 3. f3 c5 4. d5 d6 5. e4 e6 6. Nc3 exd5 7. cxd5 Bg7 8. Bg5
O-O 9. Qd2 a6 10. a4 b6 11. Bd3 Qc7 12. Nge2 Nbd7 13. O-O Re8 14. Kh1 Bb7 15.
b3 Ne5 16. Bc4 Bc8 17. Ng3 Bd7 18. Rae1 Nxc4 19. bxc4 Rab8 20. Rb1 Rb7 21. Rb3
Reb8 22. Rfb1 Ne8 23. Nge2 f5 24. exf5 Bxf5 25. Ne4 Qd7 26. N2c3 Bxe4 27. fxe4
Nf6 28. h3 Nh5 29. Ne2 Qxa4 30. g4 Nf6 31. Qd3 b5 32. Ra3 bxc4 33. Rb2 Rxb2 0-1

[Event "Tournoi Skype 023A"]
[Site "Skype"]
[Date "????.??.??"]
[Round "6.4"]
[White "Martinez, Jose Abel"]
[Black "Lopez, Jose Luis"]
[Result "0-1"]
[WhiteElo "1664"]
[BlackElo "1865"]
[PlyCount "46"]

1. d4 Nf6 2. Nf3 g6 3. e3 Bg7 4. Bd3 d5 5. O-O O-O 6. h3 c5 7. c4 Nc6 8. Nc3
cxd4 9. exd4 dxc4 10. Bxc4 Na5 11. Bd3 Be6 12. Re1 Nc6 13. Be3 Nd5 14. Qd2 Nxe3
15. Rxe3 Nxd4 16. Ng5 Bf5 17. Ne2 e5 18. Ne4 Bh6 19. N2g3 Bxe4 20. Qd1 Bxe3 21.
fxe3 Bxd3 22. Qxd3 Nf3+ 23. gxf3 Qxd3 0-1

[Event "Tournoi Skype 023A"]
[Site "Skype"]
[Date "????.??.??"]
[Round "6.5"]
[White "Rico Hernandez, Edgar"]
[Black "Diaz, Jose Garcia"]
[Result "1/2-1/2"]
[WhiteElo "1981"]
[BlackElo "1749"]
[PlyCount "168"]

1. d4 Nf6 2. c4 c6 3. Nc3 e6 4. e4 d5 5. e5 Nfd7 6. Nf3 Be7 7. Bd3 dxc4 8. Bxc4
Nb6 9. Bb3 Nd5 10. O-O h6 11. a3 O-O 12. Qd3 f5 13. Bd2 b5 14. Rac1 Ba6 15.
Bxd5 cxd5 16. b4 Nc6 17. Ne2 Rc8 18. Nf4 Qd7 19. Ng6 Rf7 20. Nxe7+ Nxe7 21.
Rxc8+ Nxc8 22. Ra1 Nb6 23. Qb3 Nc4 24. Be1 Bb7 25. a4 a6 26. a5 Qc6 27. Bc3 Rc7
28. Rc1 g5 29. Ne1 Kf7 30. Nd3 Qd7 31. Nc5 Qc8 32. Qd1 Qg8 33. Qh5+ Kg7 34. Rd1
Bc8 35. Rd3 Qf7 36. Qe2 f4 37. Qg4 Qf5 38. Qxf5 exf5 39. g3 fxg3 40. hxg3 Rc6
41. Rf3 Rg6 42. Kg2 h5 43. Rd3 f4 44. Rd1 fxg3 45. Kxg3 h4+ 46. Kg2 h3+ 47. Kg3
Rh6 48. Re1 h2 49. Kg2 Rh3 50. Ba1 g4 51. e6 Kf6 52. e7 Nd6 53. Bb2 Bf5 54. Bc1
Kf7 55. Bf4 Be4+ 56. Nxe4 Nxe4 57. Bxh2 Rf3 58. Bg3 Kxe7 59. Re3 Rxe3 60. fxe3
Ke6 61. Bh4 Kf5 62. Be1 Nd6 63. Kf1 Ke4 64. Ke2 Nf5 65. Bf2 g3 66. Bg1 g2 67.
Kf2 Nh4 68. Kg3 Nf3 69. Kxg2 Nxg1 70. Kf2 Nh3+ 71. Ke2 Ng5 72. Kd2 Nf3+ 73. Ke2
Ne1 74. Kd2 Ng2 75. Kc2 Nxe3+ 76. Kc3 Nd1+ 77. Kb3 Kxd4 78. Ka2 Kc3 79. Ka3 d4
80. Ka2 d3 81. Ka3 Nb2 82. Ka2 d2 83. Kb1 d1=Q+ 84. Ka2 Nc4 1/2-1/2

[Event "Tournoi Skype 023A"]
[Site "Skype"]
[Date "????.??.??"]
[Round "6.6"]
[White "Deville, Olivier"]
[Black "Murgia, Stefano"]
[Result "0-1"]
[WhiteElo "1965"]
[BlackElo "1728"]
[PlyCount "64"]

1. d4 f5 2. g3 Nf6 3. Bg2 g6 4. c3 Bg7 5. Qb3 Nc6 6. Nd2 Na5 7. Qa4 Nc6 8. Nh3
O-O 9. O-O d6 10. Bxc6 bxc6 11. Qxc6 Rb8 12. Ng5 Bd7 13. Qc4+ d5 14. Qd3 f4 15.
Ngf3 Bf5 16. Qa6 Rb6 17. Qxa7 Qc8 18. Ne5 Bh3 19. Re1 g5 20. Ndf3 Ne4 21. Qa4
fxg3 22. fxg3 Bh6 23. Qc2 Bf5 24. Qa4 g4 25. Nh4 Ng5 26. Nxf5 Qxf5 27. Bxg5
Bxg5 28. e4 Qf2+ 29. Kh1 Rh6 30. Nxg4 Qf3+ 31. Kg1 Qxg4 32. exd5 Rxh2 0-1

[Event "Tournoi Skype 023A"]
[Site "Skype"]
[Date "????.??.??"]
[Round "6.7"]
[White "Segura Lozano, Marcos Antonio"]
[Black "Lambert, Pierre"]
[Result "1-0"]
[WhiteElo "1804"]
[BlackElo "1868"]
[PlyCount "65"]

1. d4 Nf6 2. c4 g6 3. Nf3 Bg7 4. Nc3 O-O 5. d5 d6 6. e4 Nbd7 7. Bd3 Nc5 8. Bc2
c6 9. O-O Bd7 10. Bg5 Ng4 11. Qd2 Rb8 12. Nd4 a6 13. Rac1 Ne5 14. Qe2 b5 15.
Rfd1 bxc4 16. Nxc6 Nxc6 17. dxc6 Bxc6 18. Qxc4 h6 19. Be3 Rxb2 20. Bxc5 Qa5 21.
Bd4 Rc8 22. Nd5 Bxd4 23. Nxe7+ Kf8 24. Nxc8 Bc5 25. Nxd6 Bxd6 26. Rxd6 Bb5 27.
Qd4 Rxc2 28. Rd8+ Be8 29. Qh8+ Ke7 30. Rxe8+ Kd7 31. Rd1+ Kc7 32. Rc8+ Kb7 33.
Rxc2 1-0

[Event "Tournoi Skype 023A"]
[Site "Skype"]
[Date "????.??.??"]
[Round "6.8"]
[White "Altinok, Selim"]
[Black "Sanchez, Carlos"]
[Result "1/2-1/2"]
[WhiteElo "1834"]
[BlackElo "1744"]
[PlyCount "53"]

1. d4 Nf6 2. Nf3 e6 3. c4 b6 4. g3 Ba6 5. b3 Bb4+ 6. Bd2 Be7 7. Bg2 c6 8. Nc3
d5 9. cxd5 cxd5 10. Ne5 Nfd7 11. Nxd7 Nxd7 12. O-O O-O 13. Re1 Nf6 14. Rc1 Rc8
15. Qc2 Ba3 16. Rcd1 Qd7 17. Qb1 Bb4 18. Qb2 Qe7 19. Nb1 Ne4 20. Bxb4 Qxb4 21.
f3 Nc3 22. Nxc3 Qxc3 23. Qxc3 Rxc3 24. Rd2 f5 25. e4 fxe4 26. fxe4 dxe4 27.
Bxe4 1/2-1/2

[Event "Tournoi Skype 023A"]
[Site "Skype"]
[Date "????.??.??"]
[Round "6.9"]
[White "Pena, Eduin"]
[Black "Ortega, Elvis"]
[Result "0-1"]
[WhiteElo "1764"]
[BlackElo "1712"]
[PlyCount "108"]

1. e4 c5 2. Nf3 d6 3. d4 cxd4 4. Nxd4 Nf6 5. Nc3 a6 6. Bg5 e6 7. f4 Be7 8. Qf3
Qc7 9. O-O-O Nbd7 10. Be2 b5 11. e5 Bb7 12. exf6 gxf6 13. Qh3 fxg5 14. Nxe6
fxe6 15. Qxe6 h5 16. Bxb5 Kd8 17. Bxd7 Qxd7 18. Qxd7+ Kxd7 19. fxg5 Bxg5+ 20.
Kb1 h4 21. Nd5 Bxd5 22. Rxd5 Bf4 23. h3 Rhg8 24. Rd4 Bg3 25. c4 Bf2 26. Rd2 Be3
27. Rd3 Rg3 28. Rf1 Re8 29. Rf3 Rxf3 30. gxf3 Kc6 31. Ra3 Kb6 32. Rb3+ Kc6 33.
Ra3 Kb7 34. Rd3 Bf4 35. Rd4 Bg3 36. f4 Kc6 37. f5 Re5 38. Rd5 Rxd5 39. cxd5+
Kxd5 40. Kc2 Ke5 41. f6 Kxf6 42. Kd3 Kf5 43. Ke3 Ke5 44. b4 Kd5 45. Kd3 Be1 46.
a3 Bg3 47. a4 Be1 48. b5 axb5 49. axb5 Kc5 50. b6 Kxb6 51. Kd4 Kc6 52. Kd3 Kd5
53. Ke3 Kc4 54. Ke2 Bg3 0-1

[Event "Tournoi Skype 023A"]
[Site "Skype"]
[Date "????.??.??"]
[Round "6.10"]
[White "Karia, Vijay"]
[Black "Hilton, Stephen"]
[Result "1/2-1/2"]
[WhiteElo "1761"]
[BlackElo "1880"]
[PlyCount "28"]

1. e4 c5 2. Nc3 Nc6 3. f4 g6 4. Nf3 Bg7 5. Bb5 Nd4 6. O-O Nxb5 7. Nxb5 d5 8.
exd5 a6 9. Nc3 Nf6 10. d3 Nxd5 11. Ne4 Qc7 12. Kh1 O-O 13. Rb1 c4 14. Ne1 Rd8
1/2-1/2

[Event "Tournoi Skype 023A"]
[Site "Skype"]
[Date "????.??.??"]
[Round "6.12"]
[White "Altinok, Kerim"]
[Black "Vasquez, Oscar"]
[Result "1-0"]
[WhiteElo "1822"]
[BlackElo "1716"]
[PlyCount "87"]

1. d4 d5 2. Nf3 Nf6 3. c4 c6 4. Nc3 dxc4 5. a4 a6 6. e3 b5 7. axb5 cxb5 8. Nxb5
Bb7 9. Nc3 Qc7 10. Qa4+ Nbd7 11. Qxc4 Qxc4 12. Bxc4 e6 13. O-O Bb4 14. Bd2 O-O
15. Ne4 Be7 16. Nxf6+ Nxf6 17. Ne5 Ne4 18. Ba5 Nd6 19. Bd3 Rfc8 20. Nd7 Bd8 21.
Nc5 Bxa5 22. Rxa5 Rc6 23. Rfa1 Bc8 24. Bxa6 Bxa6 25. Rxa6 Rcxa6 26. Rxa6 Rxa6
27. Nxa6 Kf8 28. Kf1 Nc4 29. b4 Ke7 30. Ke2 Kd6 31. Kd3 Nb2+ 32. Kc2 Na4 33.
Kb3 Nb6 34. e4 g5 35. b5 f6 36. Kb4 h5 37. Nc5 h4 38. Na4 Nd7 39. Kc4 Kc7 40.
b6+ Nxb6+ 41. Nxb6 Kxb6 42. d5 exd5+ 43. Kxd5 g4 44. Ke6 1-0

[Event "Tournoi Skype 023A"]
[Site "Skype"]
[Date "????.??.??"]
[Round "6.13"]
[White "Rugman, Dan"]
[Black "Martinez Quintero, Javier"]
[Result "1-0"]
[WhiteElo "1664"]
[BlackElo "1779"]
[PlyCount "51"]

1. e4 c5 2. Nf3 g6 3. d4 cxd4 4. Nxd4 Bg7 5. c4 Nf6 6. Nc3 O-O 7. Be2 Nc6 8.
Be3 b6 9. Qd2 Bb7 10. f3 Rc8 11. O-O e6 12. Ndb5 Ne5 13. Nd6 Rb8 14. c5 Bc6 15.
cxb6 axb6 16. Bg5 b5 17. Rac1 Qa5 18. Kh1 b4 19. Nd1 Qxa2 20. Bxf6 Bxf6 21. f4
Rfd8 22. fxe5 Bxe5 23. Nxf7 Bc3 24. Nxc3 bxc3 25. Qxc3 Qxb2 26. Nh6# 1-0

[Event "Tournoi Skype 023A"]
[Site "Skype"]
[Date "????.??.??"]
[Round "6.14"]
[White "Saponara, Jose Maria"]
[Black "Trivedi, Viral"]
[Result "1-0"]
[WhiteElo "1779"]
[BlackElo "1670"]
[PlyCount "47"]

1. e4 e6 2. Qe2 c5 3. Nc3 a6 4. Nf3 Nc6 5. g3 Nge7 6. Bg2 d5 7. exd5 Nxd5 8.
Nxd5 Qxd5 9. O-O Qd6 10. c3 Be7 11. Rd1 Bf6 12. d4 cxd4 13. Bf4 Qc5 14. cxd4
Nxd4 15. Nxd4 Bxd4 16. Rac1 Qb6 17. Bc7 Qxb2 18. Rc2 Qb4 19. Rc4 Qe7 20. Rdxd4
Bd7 21. Bxb7 Bb5 22. Bxa8 Qxc7 23. Rxc7 Bxe2 24. Rc8+ 1-0

[Event "Tournoi Skype 023A"]
[Site "Skype"]
[Date "????.??.??"]
[Round "6.15"]
[White "Khetre, Gaurav"]
[Black "Junqueira, Leonardo De Faria"]
[Result "1-0"]
[WhiteElo "1742"]
[BlackElo "1487"]
[PlyCount "117"]

1. d4 c5 2. d5 Nf6 3. c4 b5 4. cxb5 a6 5. Nc3 axb5 6. Nxb5 Qa5+ 7. Nc3 Ba6 8.
Bd2 Qc7 9. e4 d6 10. Qa4+ Qd7 11. Qc2 Bxf1 12. Kxf1 Qb7 13. Nge2 Na6 14. a3 g6
15. f3 Bg7 16. Kf2 O-O 17. Rhd1 Qb6 18. Be3 Rab8 19. Rdb1 Nd7 20. b4 Qc7 21. b5
Nb4 22. axb4 cxb4 23. Rxb4 Rfc8 24. Bd4 Bxd4+ 25. Rxd4 Qc5 26. Qd3 Ne5 27. Qd1
Ra8 28. Kf1 Nc4 29. Rxa8 Rxa8 30. Qb3 Qxd4 31. Nxd4 Nd2+ 32. Ke2 Nxb3 33. Nxb3
Ra3 34. Nd4 Rxc3 35. b6 Rc1 36. Nc6 Rb1 37. Nxe7+ Kf8 38. Nc8 Ke8 39. Nxd6+ Kd7
40. Nxf7 Rxb6 41. Ng5 h6 42. Nf7 h5 43. Ne5+ Ke8 44. f4 Ra6 45. h3 Ke7 46. g4
hxg4 47. hxg4 Kf6 48. g5+ Ke7 49. Kf3 Ra3+ 50. Kg4 Ra6 51. Kf3 Ra3+ 52. Kg4 Ra6
53. Nc6+ Kf7 54. f5 Ra4 55. Kf4 gxf5 56. Kxf5 Kg7 57. e5 Ra1 58. d6 Rf1+ 59.
Ke6 1-0

[Event "Tournoi Skype 023A"]
[Site "Skype"]
[Date "????.??.??"]
[Round "6.16"]
[White "Yardimci, Ertan"]
[Black "Calcino, Luis"]
[Result "1/2-1/2"]
[WhiteElo "1554"]
[BlackElo "1714"]
[PlyCount "78"]

1. d4 e6 2. Nf3 Nf6 3. c4 Be7 4. Nc3 b6 5. g3 Bb7 6. Bg2 O-O 7. O-O d6 8. Bf4
Nbd7 9. Qc2 h6 10. e4 Nh5 11. Be3 Nhf6 12. Rad1 Qb8 13. h3 c5 14. d5 Nh7 15.
Rde1 e5 16. Nh2 Kh8 17. f4 Bf6 18. Ng4 Qd8 19. fxe5 Nxe5 20. Nxf6 Nxf6 21. b3
Qe7 22. Bf4 Rae8 23. Nd1 g5 24. Bxe5 Qxe5 25. Qb2 Nd7 26. Rf5 Qxb2 27. Nxb2 Ne5
28. Rf6 Kg7 29. Rxd6 Rd8 30. Rxd8 Rxd8 31. Rf1 Rd6 32. Rf5 f6 33. g4 Bc8 34.
Rf2 Bd7 35. Bf1 Be8 36. Nd3 Nd7 37. Re2 Ne5 38. Rf2 Nd7 39. Re2 Ne5 1/2-1/2

[Event "Tournoi Skype 023A"]
[Site "Skype"]
[Date "????.??.??"]
[Round "6.17"]
[White "Ramirez Reina, Orlando"]
[Black "Thoune, Jim"]
[Result "0-1"]
[WhiteElo "1432"]
[BlackElo "1674"]
[PlyCount "106"]

1. e4 e6 2. d4 d5 3. Nd2 Nf6 4. Bd3 a6 5. c3 dxe4 6. Nxe4 Nxe4 7. Bxe4 Bd6 8.
Nf3 Nd7 9. O-O O-O 10. Qc2 f5 11. Bd3 Nf6 12. Bg5 h6 13. Bxf6 Qxf6 14. Rfe1 Bd7
15. Ne5 Rad8 16. f4 c5 17. Qf2 cxd4 18. cxd4 Bc8 19. Rad1 Bb8 20. Bb1 Ba7 21.
Rd2 Rd6 22. Red1 Rfd8 23. Kf1 b5 24. b4 Bb7 25. a3 Bd5 26. Ke1 Bb3 27. Rc1 Bxd4
28. Qg3 Bb6 29. Rxd6 Rxd6 30. Qxb3 Qh4+ 31. Qg3 Qd8 32. Qf3 Bg1 33. Rd1 Bxh2
34. Rxd6 Qxd6 35. g3 Bg1 36. Qd3 Qb6 37. Qe2 Qc7 38. Nf3 Qc1+ 39. Qd1 Qc3+ 40.
Kf1 Be3 41. Qd3 Qxd3+ 42. Bxd3 Bc1 43. g4 fxg4 44. Nd4 Bxa3 45. Nxe6 Bxb4 46.
f5 Bd6 47. Kg2 Kf7 48. Nd4 h5 49. Ne2 h4 50. Ng1 Kf6 51. Ne2 h3+ 52. Kh1 g3 53.
Ng1 g2# 0-1

[Event "Tournoi Skype 023A"]
[Site "Skype"]
[Date "????.??.??"]
[Round "6.18"]
[White "Mulrooney, Justin"]
[Black "Castillo, Jesus"]
[Result "0-1"]
[WhiteElo "1637"]
[BlackElo "1460"]
[PlyCount "44"]

1. e4 c5 2. Nf3 d6 3. Bb5+ Bd7 4. Bxd7+ Nxd7 5. O-O e5 6. c3 Ngf6 7. Re1 Be7 8.
d4 cxd4 9. cxd4 O-O 10. Nc3 Re8 11. Be3 Qb6 12. Qd2 Ng4 13. Nd5 Qd8 14. Rac1
Nxe3 15. fxe3 Rc8 16. Qb4 b6 17. Rxc8 Qxc8 18. dxe5 Qc5 19. Qxc5 dxc5 20. Rd1
Bd8 21. Nf4 Nb8 22. Ng5 Bxg5 0-1

[Event "Tournoi Skype 023A"]
[Site "Skype"]
[Date "????.??.??"]
[Round "6.19"]
[White "Marino, Giuseppe"]
[Black "Perez Fermin, Jose"]
[Result "0-1"]
[WhiteElo "1374"]
[BlackElo "1571"]
[PlyCount "66"]

1. d4 d5 2. Nf3 Nf6 3. Bf4 c6 4. e3 Bf5 5. Bd3 Bg6 6. Bxg6 hxg6 7. Nbd2 Nh5 8.
h3 Nxf4 9. exf4 e6 10. Ne5 Qf6 11. Qf3 c5 12. dxc5 Bxc5 13. Nb3 Bb6 14. O-O-O
Nc6 15. Nxc6 bxc6 16. g3 a5 17. a3 a4 18. Nd2 O-O 19. h4 Rfb8 20. c3 c5 21.
Rhe1 Ba5 22. Nb1 d4 23. Rd3 Ra6 24. Re2 Rab6 25. Qe4 dxc3 26. Nxc3 Bxc3 27.
Rxc3 Rxb2 28. Rxb2 Qxc3+ 29. Qc2 Qe1+ 30. Qd1 Qxd1+ 31. Kxd1 Rxb2 32. f3 Ra2
33. g4 Rxa3 0-1

[Event "Tournoi Skype 023A"]
[Site "Skype"]
[Date "????.??.??"]
[Round "6.20"]
[White "Bendre, Pankaj"]
[Black "Alvarez, Juan Evangelista"]
[Result "0-1"]
[WhiteElo "1540"]
[BlackElo "1568"]
[PlyCount "42"]

1. e4 e5 2. Nf3 Nc6 3. Bc4 Nf6 4. Ng5 d5 5. exd5 Nxd5 6. Nxf7 Kxf7 7. Qf3+ Qf6
8. Bxd5+ Be6 9. Bxe6+ Kxe6 10. Qe4 Rd8 11. Qc4+ Kd7 12. Nc3 Kc8 13. Ne4 Qg6 14.
O-O Nd4 15. d3 b5 16. Qxd4 exd4 17. Nd2 Rd5 18. Nf3 Rh5 19. Bf4 Bd6 20. Bxd6
Qxd6 21. a4 Rf8 0-1

[Event "Tournoi Skype 023A"]
[Site "Skype"]
[Date "????.??.??"]
[Round "6.21"]
[White "Aravena, Alvaro"]
[Black "Levantini, Claudio"]
[Result "1-0"]
[WhiteElo "1700"]
[BlackElo "1532"]
[PlyCount "41"]

1. b4 e5 2. Bb2 Bxb4 3. Bxe5 Nf6 4. Nf3 Nc6 5. Bb2 d5 6. e3 Bg4 7. Be2 O-O 8.
h3 Bxf3 9. Bxf3 d4 10. Bxc6 bxc6 11. Bxd4 Re8 12. O-O Bd6 13. Qf3 Re6 14. d3
Nd5 15. Nd2 Rg6 16. Ne4 Qh4 17. Nxd6 cxd6 18. c4 Nb4 19. a3 Nxd3 20. Qxc6 Qxh3
21. Qxa8+ 1-0

[Event "Tournoi Skype 023A"]
[Site "Skype"]
[Date "????.??.??"]
[Round "6.22"]
[White "Sepulveda, Lyda Marcela"]
[Black "Mordaa, Ahmad"]
[Result "1-0"]
[WhiteElo "1649"]
[BlackElo "1496"]
[PlyCount "121"]

1. e4 c5 2. Nf3 d6 3. d4 cxd4 4. Nxd4 Nf6 5. Nc3 Nc6 6. Be2 g6 7. Be3 Bg7 8. f3
O-O 9. Qd2 e5 10. Ndb5 Ne8 11. O-O-O a6 12. Nxd6 Nxd6 13. Qxd6 Qxd6 14. Rxd6
Be6 15. h4 Rac8 16. Nd5 Rfe8 17. Nb6 Rc7 18. Bc4 Bxc4 19. Nxc4 Nb4 20. a3 Nxc2
21. Kxc2 Rxc4+ 22. Kb3 Rc7 23. h5 Bf8 24. Rd2 Rec8 25. hxg6 fxg6 26. Rhd1 b5
27. Rd8 Rxd8 28. Rxd8 Kf7 29. Ra8 Rc6 30. Ra7+ Be7 31. Bg5 Re6 32. Bxe7 Rxe7
33. Rxa6 Rd7 34. Kc2 Rc7+ 35. Kd2 Rd7+ 36. Ke2 Rc7 37. b4 Rc2+ 38. Kf1 Ra2 39.
Kg1 Kg7 40. Rb6 Rxa3 41. Rxb5 Kf6 42. Rb6+ Kg5 43. Kh2 Kf4 44. Rb7 h5 45. b5
Rb3 46. b6 h4 47. Rb8 g5 48. b7 Ke3 49. Kh3 Rb1 50. Kg4 Kf2 51. Kxg5 Kg3 52.
Kf5 Kxg2 53. Rg8+ Kxf3 54. b8=Q Rxb8 55. Rxb8 h3 56. Rb1 h2 57. Kxe5 Kg2 58.
Kf6 h1=Q 59. Rxh1 Kxh1 60. e5 Kg2 61. e6 1-0

[Event "Tournoi Skype 023A"]
[Site "Skype"]
[Date "????.??.??"]
[Round "6.23"]
[White "Fouquereau, Andre"]
[Black "Fernandez Cabello, Emilio"]
[Result "0-1"]
[WhiteElo "1488"]
[BlackElo "1646"]
[PlyCount "68"]

1. e4 e6 2. Nf3 c5 3. c3 Nc6 4. Bc4 a6 5. O-O Nge7 6. d4 cxd4 7. cxd4 d5 8.
exd5 Nxd5 9. Nc3 Nce7 10. Bg5 Nxc3 11. bxc3 Qc7 12. Qd3 b5 13. Bb3 Bb7 14. Bh4
Qf4 15. Bg3 Qe4 16. Qd2 Qc6 17. Rac1 Nf5 18. d5 exd5 19. Ne5 Qf6 20. Ng4 Qc6
21. Rfe1+ Be7 22. Ne5 Qf6 23. Bxd5 Bxd5 24. Qxd5 Rd8 25. Qc6+ Qxc6 26. Nxc6 Rd7
27. Be5 O-O 28. Bd4 Rc8 29. Nb4 Nxd4 30. cxd4 Rxc1 31. Rxc1 Bxb4 32. Rc8+ Bf8
33. Ra8 Rxd4 34. g3 Ra4 0-1

[Event "Tournoi Skype 023A"]
[Site "Skype"]
[Date "????.??.??"]
[Round "6.24"]
[White "Kruk, Clementine"]
[Black "Aranzubia, Desiderio"]
[Result "0-1"]
[WhiteElo "1594"]
[BlackElo "1506"]
[PlyCount "48"]

1. e4 c5 2. d4 cxd4 3. c3 dxc3 4. Nxc3 Nc6 5. Bc4 Nf6 6. Nf3 a6 7. Bg5 e6 8. e5
h6 9. Bh4 g5 10. exf6 gxh4 11. Ne4 d5 12. Nfd2 dxe4 13. Nxe4 Qxd1+ 14. Rxd1 b5
15. Bb3 Bb4+ 16. Ke2 Rg8 17. a3 Bf8 18. Rhg1 Bb7 19. g3 hxg3 20. Rxg3 Rxg3 21.
hxg3 Ne5 22. Bc2 Rd8 23. f4 Nc4 24. Rd4 Rxd4 0-1

[Event "Tournoi Skype 023A"]
[Site "Skype"]
[Date "????.??.??"]
[Round "6.25"]
[White "Sauvaget, Joel"]
[Black "Chavero, Victor"]
[Result "1-0"]
[WhiteElo "1548"]
[BlackElo "1565"]
[PlyCount "61"]

1. e4 e5 2. d4 exd4 3. Qxd4 Nc6 4. Qd1 d6 5. h3 Nf6 6. Bd3 Be7 7. Nf3 Be6 8.
O-O Qd7 9. Ng5 O-O-O 10. Nxe6 Qxe6 11. Re1 Ne5 12. Nc3 d5 13. exd5 Nxd5 14.
Nxd5 Rxd5 15. Qe2 Qd6 16. Bf4 Bf6 17. Bc4 Rd4 18. Bxe5 Bxe5 19. c3 Rf4 20. Rad1
Qc5 21. Bb3 f6 22. Qd2 Bd6 23. Qe2 Rf5 24. Be6+ Kd8 25. Bxf5 Qxf5 26. Qe6 Qf4
27. g3 Qg5 28. Rd4 Qg6 29. Rg4 Qh5 30. Rxg7 Re8 31. Qd7# 1-0

[Event "Tournoi Skype 023A"]
[Site "Skype"]
[Date "????.??.??"]
[Round "6.26"]
[White "Khunte, Aniruddha"]
[Black "Galani, Mahendra"]
[Result "1-0"]
[WhiteElo "1550"]
[BlackElo "1469"]
[PlyCount "79"]

1. e4 e5 2. Nf3 Nc6 3. Bc4 Qf6 4. Nc3 Na5 5. Bb3 c6 6. d3 Nxb3 7. axb3 d6 8.
Be3 a6 9. h3 Be7 10. Na4 Be6 11. Nb6 Rd8 12. Nc4 Bxc4 13. bxc4 d5 14. cxd5 cxd5
15. Qe2 d4 16. Bg5 Qd6 17. O-O Nf6 18. Ra5 Nd7 19. Bxe7 Qxe7 20. Rfa1 O-O 21.
R5a3 f6 22. c3 dxc3 23. bxc3 Nc5 24. d4 exd4 25. cxd4 Nxe4 26. Re3 Rfe8 27. Re1
f5 28. g4 g6 29. Nd2 Rxd4 30. f3 Rxd2 31. Qxd2 Rd8 32. Qg2 Qc5 33. fxe4 fxe4
34. Qxe4 Rf8 35. Qe6+ Kg7 36. Qe7+ Qxe7 37. Rxe7+ Kh6 38. Rxb7 a5 39. h4 g5 40.
Re6+ 1-0

[Event "Tournoi Skype 023A"]
[Site "Skype"]
[Date "????.??.??"]
[Round "6.27"]
[White "Perrone, Gabriel Lorenzo"]
[Black "Casey, Eamonn"]
[Result "0-1"]
[WhiteElo "1523"]
[BlackElo "1725"]
[PlyCount "96"]

1. d4 Nf6 2. c4 e6 3. Nf3 d5 4. Bg5 Be7 5. e3 O-O 6. Bd3 Nbd7 7. O-O c5 8. Nc3
b6 9. h3 Bb7 10. a3 Rc8 11. Be2 cxd4 12. exd4 dxc4 13. Nd2 Bd5 14. Rc1 a6 15.
a4 Bb4 16. Rc2 Bxc3 17. bxc3 Qc7 18. Re1 Ne4 19. Be3 Qc6 20. Rc1 Nxd2 21. Bxd2
Bxg2 22. Bxc4 Bxh3 23. Bf1 Bxf1 24. Kxf1 Nf6 25. f3 Qc4+ 26. Qe2 Qxe2+ 27. Kxe2
Rc4 28. Ra1 Rfc8 29. Kd3 Nd5 30. Rec1 h5 31. Ra3 g6 32. Ke2 Kg7 33. Kf2 Kf6 34.
Kg3 g5 35. Kh3 Kf5 36. Kg3 h4+ 37. Kg2 Nf4+ 38. Bxf4 Kxf4 39. Kh3 f5 40. Kg2 g4
41. fxg4 fxg4 42. Rf1+ Kg5 43. Rc1 Rxd4 44. cxd4 Rxc1 45. Rb3 Rc2+ 46. Kg1 g3
47. Rxb6 h3 48. Rxe6 Rc1+ 0-1